<?xml version="1.0" encoding="UTF-8"?>
<record
    xmlns:xsi="http://www.w3.org/2001/XMLSchema-instance"
    xsi:schemaLocation="http://www.loc.gov/MARC21/slim http://www.loc.gov/standards/marcxml/schema/MARC21slim.xsd"
    xmlns="http://www.loc.gov/MARC21/slim">

  <leader>01201nam a2200229   4500</leader>
  <controlfield tag="001">80071</controlfield>
  <controlfield tag="003">BD-RjUL</controlfield>
  <controlfield tag="005">20220630154802.0</controlfield>
  <controlfield tag="008">220630s1353    ua ||||| |||| 00| 0 ara d</controlfield>
  <datafield tag="035" ind1=" " ind2=" ">
    <subfield code="a">(BD-RjUL)80071</subfield>
  </datafield>
  <datafield tag="040" ind1=" " ind2=" ">
    <subfield code="a">BD-RjUL</subfield>
    <subfield code="b">eng</subfield>
    <subfield code="c">BD-RjUL</subfield>
  </datafield>
  <datafield tag="041" ind1=" " ind2=" ">
    <subfield code="a">ara</subfield>
  </datafield>
  <datafield tag="082" ind1=" " ind2=" ">
    <subfield code="2">23</subfield>
    <subfield code="a">953</subfield>
    <subfield code="b">ART 1353</subfield>
  </datafield>
  <datafield tag="100" ind1=" " ind2=" ">
    <subfield code="a">[Arslan, Amir Shakib] &#x623;&#x631;&#x633;&#x644;&#x627;&#x646;&#x60C;&#x60C; &#x623;&#x645;&#x64A;&#x631; &#x634;&#x643;&#x64A;&#x628;</subfield>
    <subfield code="d">1869-1946</subfield>
    <subfield code="9">3971</subfield>
  </datafield>
  <datafield tag="245" ind1=" " ind2=" ">
    <subfield code="a"> &#x62A;&#x627;&#x631;&#x64A;&#x62E; &#x63A;&#x632;&#x648;&#x627;&#x62A; &#x627;&#x644;&#x639;&#x631;&#x628; &#x641;&#x64A; &#x641;&#x631;&#x646;&#x633;&#x627; &#x648;&#x633;&#x648;&#x633;&#x631;&#x627; &#x648;&#x627;&#x64A;&#x637;&#x627;&#x644;&#x64A;&#x627; &#x648;&#x62C;&#x632;&#x627;&#x626;&#x631; &#x627;&#x644;&#x628;&#x62D;&#x631; &#x627;&#x644;&#x645;&#x62A;&#x648;&#x633;&#x637;[T&#x101;r&#x12B;kh ghazaw&#x101;t al-&#x2BB;Arab f&#x12B; Farans&#x101; wa-S&#x16B;wisr&#x101; wa-&#x12A;&#x1E6D;&#x101;l&#x12B;y&#x101; wa-jaz&#x101;&#x2BC;ir al-ba&#x1E25;r al-mutawassi&#x1E6D; ] /</subfield>
    <subfield code="c">&#x62A;&#x623;&#x644;&#x64A;&#x641; &#x627;&#x644;&#x623;&#x645;&#x64A;&#x631; &#x634;&#x643;&#x64A;&#x628; &#x623;&#x631;&#x633;&#x644;&#x627;&#x646;  [talif al'amir shakib 'arslan]</subfield>
    <subfield code="p">&#x623;&#x639;&#x636;&#x627;&#x621; &#x627;&#x644;&#x645;&#x62C;&#x645;&#x639; &#x627;&#x644;&#x639;&#x644;&#x645;&#x64A; &#x627;&#x644;&#x639;&#x631;&#x628;&#x64A; &#x628;&#x62F;&#x645;&#x634;&#x642; &#x648;&#x641;&#x642;&#x647; &#x627;&#x644;&#x644;&#x647; &#x644;&#x645;&#x627; &#x64A;&#x631;&#x636;&#x627;&#x647;.</subfield>
  </datafield>
  <datafield tag="260" ind1=" " ind2=" ">
    <subfield code="a">Misr:</subfield>
    <subfield code="b">tabe bimatbaeat eisaa albabi alhalabii washarikah bimisr,  &#x637;&#x628;&#x639; &#x628;&#x645;&#x637;&#x628;&#x639;&#x629; &#x639;&#x64A;&#x633;&#x649; &#x627;&#x644;&#x628;&#x627;&#x628;&#x64A; &#x627;&#x644;&#x62D;&#x644;&#x628;&#x64A; &#x648;&#x634;&#x631;&#x643;&#x627;&#x647; &#x628;&#x645;&#x635;&#x631;</subfield>
  </datafield>
  <datafield tag="300" ind1=" " ind2=" ">
    <subfield code="a">307 pages : .</subfield>
    <subfield code="b">illustrations ;</subfield>
    <subfield code="c"> 24 cm</subfield>
  </datafield>
  <datafield tag="650" ind1=" " ind2=" ">
    <subfield code="z">Arabs -- Europe </subfield>
    <subfield code="v">History. </subfield>
    <subfield code="9">3972</subfield>
  </datafield>
  <datafield tag="650" ind1=" " ind2=" ">
    <subfield code="z">Arabs -- France </subfield>
    <subfield code="v">History.</subfield>
    <subfield code="9">3973</subfield>
  </datafield>
  <datafield tag="650" ind1=" " ind2=" ">
    <subfield code="z">Arabs -- Spain </subfield>
    <subfield code="v">History.</subfield>
    <subfield code="9">1156</subfield>
  </datafield>
  <datafield tag="942" ind1=" " ind2=" ">
    <subfield code="2">ddc</subfield>
    <subfield code="c">BK</subfield>
  </datafield>
  <datafield tag="999" ind1=" " ind2=" ">
    <subfield code="c">80071</subfield>
    <subfield code="d">80071</subfield>
  </datafield>
  <datafield tag="952" ind1=" " ind2=" ">
    <subfield code="0">0</subfield>
    <subfield code="1">0</subfield>
    <subfield code="2">ddc</subfield>
    <subfield code="4">0</subfield>
    <subfield code="7">1</subfield>
    <subfield code="8">NFIC</subfield>
    <subfield code="a">RUCL</subfield>
    <subfield code="b">RUCL</subfield>
    <subfield code="c">Reading</subfield>
    <subfield code="d">2022-06-30</subfield>
    <subfield code="l">0</subfield>
    <subfield code="o">A 953 ART 1353</subfield>
    <subfield code="r">2022-06-30 00:00:00</subfield>
    <subfield code="t">C-1</subfield>
    <subfield code="w">2022-06-30</subfield>
    <subfield code="y">BK</subfield>
  </datafield>
</record>
